| 000 | 01286cam a22002533a 4500 | ||
|---|---|---|---|
| 001 | 9928 | ||
| 003 | PGUSA | ||
| 005 | 20140828083217.0 | ||
| 008 | 060201s2006||||xxu|||||s|||||000 1 eng d | ||
| 040 |
_aPGUSA _beng |
||
| 042 | _adc | ||
| 050 | 4 | _aPR | |
| 100 | 1 |
_aMerrick, Leonard, _d1864-1939 |
|
| 245 | 1 | 2 |
_aA Chair on the Boulevard _h[electronic resource] / _cLeonard Merrick |
| 260 |
_bProject Gutenberg, _c2006 |
||
| 505 | 0 | _aThe tragedy of a comic song -- Tricotrin entertains -- The fatal Florozonde -- The opportunity of Petitpas -- The café of the broken heart -- The dress clothes of monsieur Pomponnet -- The suicides in the Rue Sombre -- The conspiracy for Claudine -- The doll in the pink silk dress -- The last effect -- An invitation to dinner -- The judgment of Paris -- The fairy poodle -- Little-Flower-of-the-Wood -- A miracle in Montmartre -- The danger of being a twin -- Hercules and Aphrodite -- "Pardon, you are mademoiselle Girard!" -- How Tricotrin saw London -- The infidelity of monsieur Noulens. | |
| 506 | _aPublic domain in the USA. | ||
| 516 | _aElectronic text | ||
| 653 | _aParis (France) -- Fiction | ||
| 653 | _aShort stories, English | ||
| 830 | 0 |
_aProject Gutenberg _v9928 |
|
| 856 | 4 | 0 | _uhttp://www.gutenberg.org/ebooks/9928 |
| 942 | _cEB | ||
| 999 |
_c239184 _d239184 |
||